000 00265nam a22001217a 4500
082 _a621.462 BEA'E
100 _aBEATER, JACK
_978160
245 _aELECTRIC MOTOR TEST AND REPAIR
250 _a2ND
260 _aNEWYORK
_bTAB
_c1966
300 _a160P
942 _cBK
999 _c583323
_d583323